| 000 | 00452cam a2200181ua 4500 | ||
|---|---|---|---|
| 020 | _cRs.15/- | ||
| 041 |
_aeng _h |
||
| 082 |
_a320.1 _bHAR/FO |
||
| 100 | _aHarold, Sport . | ||
| 245 | 0 | 0 |
_aFoundation of International politics / _cMargarat. _hTextual Documents |
| 260 |
_aNewdelhi : _bAffilield , _c1963. |
||
| 300 | _a734 ; . | ||
| 365 | _aRs.15/- | ||
| 504 | _a | ||
| 700 | 1 | _aHarold, Sport . | |
| 942 | _cBK | ||
| 999 |
_c11986 _d11986 |
||